Mafarakano na michezo mingine / (Record no. 11190)

000 -LEADER
fixed length control field 00497nam a2200157 4500
008 - FIXED-LENGTH DATA ELEMENTS--GENERAL INFORMATION
fixed length control field 160617b xxu||||| |||| 00| 0 eng d
020 ## - INTERNATIONAL STANDARD BOOK NUMBER
International Standard Book Number 9966460500
050 ## - LIBRARY OF CONGRESS CALL NUMBER
Classification number PL 8704
Item number .M3Z3 1975
100 ## - MAIN ENTRY--PERSONAL NAME
Personal name Zani, Zachariah M.
245 ## - TITLE STATEMENT
Title Mafarakano na michezo mingine /
Statement of responsibility, etc. Z.M.Zani na J.Kitsao
260 ## - PUBLICATION, DISTRIBUTION, ETC. (IMPRINT)
Place of publication, distribution, etc. Nairobi:
Name of publisher, distributor, etc. Heionemann,
Date of publication, distribution, etc. c1975
300 ## - PHYSICAL DESCRIPTION
Extent 96 p.
Dimensions 17cm
650 ## - SUBJECT ADDED ENTRY--TOPICAL TERM
Topical term or geographic name as entry element Swahili
General subdivision Fasihi
700 ## - ADDED ENTRY--PERSONAL NAME
Personal name Kitsao, J
942 ## - ADDED ENTRY ELEMENTS (KOHA)
Source of classification or shelving scheme
Koha item type Africana (Books)
Classification part AFR PL 8704 .M3Z3 1975
Koha issues (borrowed), all copies 6
Holdings
Withdrawn status Lost status Source of classification or shelving scheme Damaged status Not for loan Home library Current library Shelving location Date acquired Source of acquisition Cost, normal purchase price Total Checkouts Full call number Barcode Date last seen Date last checked out Price effective from Koha item type
          MACHAKOS UNIVERSITY LIBRARY MACHAKOS UNIVERSITY LIBRARY Africana 17/06/2016 Donation 270.00 11 AFR PL 8704 .M3Z3 1975 20709 25/04/2017 25/04/2017 17/06/2016 Africana (Books)
© Machakos University Library, Along The Highway, Machakos Wote Rd, Machakos, Kenya P.O. Box 136 - 90100 Machakos - Kenya

Tel: ( +254 ) 723 805829 OR Fax : 044-20353 OR Email: library@mksu.ac.ke